[Event "HUN-chT2 Breyer 1819"]
[Site "Hungary"]
[Date "2019.03.10"]
[Round "7.10"]
[White "Markus, Jozsef"]
[Black "Palovics, Laszlo"]
[Result "0-1"]
[WhiteElo "1726"]
[BlackElo "1461"]
[PlyCount "45"]
[EventDate "2018.10.28"]
[EventType "team-tourn"]
[EventRounds "9"]
[EventCountry "HUN"]
[SourceTitle "EXT 2021"]
[Source "ChessBase"]
[SourceDate "2020.10.23"]
[SourceVersion "1"]
[SourceVersionDate "2020.10.23"]
[SourceQuality "1"]
[WhiteTeam "Kisber Aszar"]
[BlackTeam "Vizugy"]
[WhiteTeamCountry "HUN"]
[BlackTeamCountry "HUN"]

1. e4 c5 2. Nf3 d6 3. d4 cxd4 4. c3 Nf6 5. Bd3 g6 6. 0-0 Bg7 7. Nxd4 Nc6 8. Nb3 0-0 9. h3 d5 10. exd5 Qxd5 11. Be2 Qxd1 12. Rxd1 Be6 13. Be3 b6 14. Bf3 Rac8 15. N1d2 Ne5 16. Be2 Rfd8 17. Nf3 Nc4 18. Bxc4 Bxc4 19. Re1 Nd5 20. Bd4 f6 21. Nbd2 e5 22. Nxc4 exd4 23. Nxd4 0-1

[Event "HUN-chT2 Breyer 1516"]
[Site "Hungary"]
[Date "2016.04.03"]
[Round "10.12"]
[White "Palovics, Laszlo"]
[Black "Toth, Nikoletta"]
[Result "0-1"]
[WhiteElo "1398"]
[BlackElo "1533"]
[PlyCount "72"]
[EventDate "2015.09.13"]
[EventType "team-tourn"]
[EventRounds "11"]
[EventCountry "HUN"]
[SourceTitle "EXT 2017"]
[Source "ChessBase"]
[SourceDate "2016.10.25"]
[SourceVersion "1"]
[SourceVersionDate "2016.10.25"]
[SourceQuality "1"]
[WhiteTeam "Vizugy"]
[BlackTeam "Sarkany DSE"]
[WhiteTeamCountry "HUN"]
[BlackTeamCountry "HUN"]

1. e4 e5 2. Nf3 Nc6 3. Bc4 Nf6 4. Ng5 d5 5. exd5 Nd4 6. d6 Qxd6 7. Nxf7 Qc6 8. Nxe5 Qxg2 9. Rf1 Qe4+ 10. Be2 Qxe5 11. f4 Qe7 12. c3 Ng4 13. Qa4+ Nc6 14. Kd1 Bf5 15. h3 Nf6 16. Bb5 Qd6 17. Re1+ Be7 18. b3 0-0 19. Ba3 Qd8 20. Qc4+ Kh8 21. Bxc6 bxc6 22. Bxe7 Qd7 23. Bxf8 Rxf8 24. Qc5 Rd8 25. Re7 Qd3 26. Qg1 Bg6 27. Qg2 Qc2+ 28. Ke1 Qb2 29. f5 Qxa1 30. fxg6 Qxb1+ 31. Ke2 Rxd2+ 32. Kxd2 Qb2+ 33. Kd3 Qxg2 34. gxh7 Qxh3+ 35. Kc4 Qf1+ 36. Kd4 Qd1+ 0-1

[Event "HUN-chT2 Breyer 1516"]
[Site "Hungary"]
[Date "2016.02.28"]
[Round "8.12"]
[White "Palovics, Laszlo"]
[Black "Pal, Istvan"]
[Result "1-0"]
[WhiteElo "1398"]
[BlackElo "1645"]
[PlyCount "87"]
[EventDate "2015.09.13"]
[EventType "team-tourn"]
[EventRounds "11"]
[EventCountry "HUN"]
[SourceTitle "EXT 2017"]
[Source "ChessBase"]
[SourceDate "2016.10.25"]
[SourceVersion "1"]
[SourceVersionDate "2016.10.25"]
[SourceQuality "1"]
[WhiteTeam "Vizugy"]
[BlackTeam "Gyor UDSE"]
[WhiteTeamCountry "HUN"]
[BlackTeamCountry "HUN"]

1. e4 c5 2. Nf3 Nc6 3. d4 cxd4 4. Nxd4 Nf6 5. Nc3 d6 6. Be3 e5 7. Nb3 Be7 8. Bc4 Be6 9. Nd5 Nxe4 10. Nxe7 Qxe7 11. Bd3 Nf6 12. Bg5 h6 13. Bh4 0-0 14. Qf3 Bxb3 15. axb3 Nd4 16. Qe3 Rfc8 17. Bxf6 Qxf6 18. Qe4 Nc6 19. c3 Rd8 20. 0-0 d5 21. Qh7+ Kf8 22. f3 Ke7 23. Bc2 Qg5 24. Qd3 d4 25. Qe2 Qe3+ 26. Qxe3 dxe3 27. Rfe1 Rd2 28. Rac1 e2 29. Kf2 f6 30. Rxe2 Rad8 31. Ke1 Rxe2+ 32. Kxe2 Ke6 33. h4 f5 34. Rg1 Ne7 35. g4 f4 36. h5 Kf6 37. Ra1 a6 38. Be4 Rd7 39. Ra5 Rc7 40. b4 Nc6 41. Rc5 Ke6 42. b5 axb5 43. Rxb5 Rd7 44. Bf5+ 1-0